00181nam a2200073Ia 4500008004100000100001800041245002600059260002200085190216s9999||||xx |||||||||||||| ||und|| aSankaran Nair 0aIndiayile Vidyabyasam bKerala Basha Inst